Diccionario Espasa cine español /
Diccionario del cine español, cuya publicación en 1996 coincidió con la celebración de los 100 años de arribo de este medio a esta nación de la Península Ibérica. El diccionario está formado por una breve historia del cine español y un total de 650 entradas. 333 de las entradas corresponden a direct...
Shranjeno v:
| Glavni avtor: | |
|---|---|
| Drugi avtorji: | |
| Format: | Knjiga |
| Jezik: | španščina |
| Izdano: |
Madrid, España :
Espasa-Calpe,
1996, c1996
|
| Teme: | |
| Oznake: |
Brez oznak, prvi označite!
|
MARC
| LEADER | 00000nam^a2200000^a^4500 | ||
|---|---|---|---|
| 001 | 000149135 | ||
| 005 | 20250521000000.0 | ||
| 009 | 20260310100050.061 | ||
| 020 | |a 84-239-9241-1 | ||
| 037 | |a Acervo ITESO - Biblioteca | ||
| 041 | |a ESP | ||
| 082 | |a 302. 2350946 |b ESP | ||
| 100 | |a Torres, Augusto M. |e (autor) | ||
| 245 | 1 | 0 | |a Diccionario Espasa cine español / |c A.M. Torres ; pról. de M. Gutiérrez Aragón. |
| 264 | 4 | |a Madrid, España : |b Espasa-Calpe, |c 1996, c1996 | |
| 300 | |a 548 p. | ||
| 336 | |a texto |b txt |2 rdacontenido | ||
| 337 | |a sin mediación |b n |2 rdamedio | ||
| 338 | |a volumen |b nc |2 rdasoporte | ||
| 520 | |a Diccionario del cine español, cuya publicación en 1996 coincidió con la celebración de los 100 años de arribo de este medio a esta nación de la Península Ibérica. El diccionario está formado por una breve historia del cine español y un total de 650 entradas. 333 de las entradas corresponden a directores, actores, guionistas, fotógrafos, productores, músicos y alguno que otro decorador, de cada uno de los cuales se ofrecen los datos biográficos básicos y una breve reseña en la que son integrados los títulos centrales de sus filmografías. Las restantes 317 entradas conducen a títulos de películas significativas, la mayor parte de ellas producidas a partir de la década de 1950: de cada una es ofrecido un comentario, que aúna el resumen argumental y un juicio crítico, y los principales datos de su ficha técnica respectiva. | ||
| 649 | |a XX | ||
| 650 | |a Cineastas Españoles - |x Biografías - |x Enciclopedias y Diccionarios | ||
| 650 | |a Cine Español - |x Enciclopedias y Diccionarios - |x Tema Principal | ||
| 650 | |a Cine Español - |x Historia y Crítica | ||
| 650 | |a Cine Español - |y Siglo XIX | ||
| 650 | |a Cine Español - |y Siglo XX | ||
| 650 | |a Enciclopedias y Diccionarios | ||
| 700 | |a Gutiérrez Aragón, Manuel |e (prólogo) | ||
| 910 | |a Fondo General | ||
| 920 | |a Impresos - Libros | ||
| 930 | |a Obras de Referencia | ||
| 905 | |a 102 | ||
| 901 | |a 0500078595 |b IT2 |c REF |u 20250521 | ||
| 902 | |a https://opac.biblio.iteso.mx/vufind/Record/000149135 | ||